[Event "CRO-chT1B 30th"]
[Site "Porec"]
[Date "2022.09.26"]
[Round "3.34"]
[White "Majeric, Zoran"]
[Black "Makovec, Bruno"]
[Result "1/2-1/2"]
[WhiteElo "2247"]
[BlackElo "2258"]
[PlyCount "34"]
[EventDate "2022.09.24"]
[EventType "team-tourn"]
[EventRounds "9"]
[EventCountry "CRO"]
[SourceTitle "CBM 210 Extra"]
[Source "ChessBase"]
[SourceDate "2022.11.30"]
[SourceVersion "1"]
[SourceVersionDate "2022.11.30"]
[SourceQuality "1"]
[WhiteTeam "Pozega"]
[BlackTeam "Mihovljan Sloboda"]
[WhiteTeamCountry "CRO"]
[BlackTeamCountry "CRO"]

1. Nf3 Nf6 2. b3 g6 3. Bb2 Bg7 4. e3 0-0 5. Be2 c5 6. 0-0 Nc6 7. c4 d5 8. cxd5 Nxd5 9. Bxg7 Kxg7 10. d4 cxd4 11. Nxd4 Nxd4 12. Qxd4+ Nf6 13. Qb2 Bd7 14. Bf3 Qb6 15. Nd2 Rac8 16. Rac1 Rxc1 17. Rxc1 Rc8 1/2-1/2

[Event "Velika Gorica op 12th"]
[Site "Velika Gorica"]
[Date "2014.08.26"]
[Round "7"]
[White "Pozgaj, Hrvoje"]
[Black "Majeric, Zoran"]
[Result "0-1"]
[WhiteElo "1891"]
[BlackElo "2233"]
[PlyCount "126"]
[EventDate "2014.08.18"]
[EventType "swiss"]
[EventRounds "9"]
[EventCountry "CRO"]
[SourceTitle "EXT 2015"]
[Source "ChessBase"]
[SourceDate "2014.11.20"]
[SourceVersion "1"]
[SourceVersionDate "2014.11.20"]
[SourceQuality "1"]

1. e4 c5 2. c4 e6 3. g3 d5 4. cxd5 exd5 5. exd5 Qxd5 6. Nf3 Bg4 7. Bg2 Qe4+ 8. Qe2 Qxe2+ 9. Kxe2 Nc6 10. Re1 0-0-0 11. Kf1 f6 12. a3 Nh6 13. Nc3 Nf7 14. d3 Bxf3 15. Bxf3 Nd4 16. Bd5 Ne5 17. Rd1 Kb8 18. Bf4 Bd6 19. Rac1 g5 20. Be3 Be7 21. f4 Ng4 22. Re1 Nf5 23. Bg1 gxf4 24. gxf4 Bd6 25. Re4 Nd4 26. h3 Nh6 27. Bxd4 cxd4 28. Ne2 Bc7 29. Be6 f5 30. Rxd4 Rxd4 31. Nxd4 Bxf4 32. Rc4 Be5 33. b4 Re8 34. Bd7 Rd8 35. Nf3 Bb2 36. Be6 Bxa3 37. Ne5 a5 38. b5 Ka7 39. Nd7 Bd6 40. b6+ Ka6 41. Ra4 Rxd7 42. Bxd7 Bc5 43. Rc4 Kxb6 44. Be6 Kb5 45. Ke2 Bd6 46. Rd4 Bc5 47. Bc4+ Kc6 48. Rd8 Bd6 49. Rh8 f4 50. Be6 b5 51. Rxh7 Bf8 52. Kf3 Kd6 53. Ba2 a4 54. Kxf4 b4 55. Bc4 Kc5 56. Kg5 Kd4 57. Rxh6 Bxh6+ 58. Kxh6 Kc3 59. h4 b3 60. Kg6 a3 61. h5 a2 62. h6 a1Q 63. h7 Kb4 0-1

[Event "HUN-chT2 Szechenyi 1213"]
[Site "Hungary"]
[Date "2013.01.27"]
[Round "6.3"]
[White "Majeric, Zoran"]
[Black "Huszar, Gabor"]
[Result "1/2-1/2"]
[WhiteElo "2277"]
[BlackElo "1927"]
[PlyCount "148"]
[EventDate "2012.09.16"]
[EventType "team-tourn"]
[EventRounds "11"]
[EventCountry "HUN"]
[SourceTitle "EXT 2014"]
[Source "ChessBase"]
[SourceDate "2013.11.20"]
[SourceVersion "1"]
[SourceVersionDate "2013.11.20"]
[SourceQuality "1"]
[WhiteTeam "Lovo"]
[BlackTeam "Peti MTE"]
[WhiteTeamCountry "HUN"]
[BlackTeamCountry "HUN"]

1. Nf3 d5 2. b3 Bf5 3. Bb2 e6 4. e3 Nf6 5. Be2 Bd6 6. c4 0-0 7. 0-0 h6 8. Nc3 c6 9. d4 Ne4 10. Nxe4 Bxe4 11. Bd3 Bxd3 12. Qxd3 f5 13. cxd5 cxd5 14. Qb5 Qd7 15. Qxd7 Nxd7 16. Rfc1 Rac8 17. g3 g5 18. Ne1 Kf7 19. Nd3 b6 20. Kf1 Nf6 21. Ke2 g4 22. Bc3 Ne4 23. Bb4 Ke7 24. Bxd6+ Kxd6 25. Ne5 Ng5 26. Nd3 Nf3 27. h4 e5 28. dxe5+ Nxe5 29. Nxe5 Kxe5 30. Kd3 Rfd8 31. a3 a5 32. a4 Re8 33. Rab1 Red8 34. Ra1 Re8 35. Rab1 Rc5 36. Rxc5 bxc5 37. Rc1 Kd6 38. Rf1 Rb8 39. Kc3 Ke5 40. Rd1 Ke4 41. Rd2 Rb4 42. Rd1 Ke5 43. Ra1 Ke4 44. Rd1 d4+ 45. exd4 cxd4+ 46. Kc2 Kf3 47. Rd2 f4 48. gxf4 Kxf4 49. Rd3 Ke4 50. h5 Rb8 51. Rg3 Kf4 52. Rd3 Rd8 53. b4 axb4 54. Kb3 Ke4 55. Rd2 Rb8 56. a5 Kd5 57. a6 Ra8 58. Ra2 Kc5 59. Ra5+ Kb6 60. Kxb4 Rxa6 61. Rxa6+ Kxa6 62. Kc4 Kb6 63. Kxd4 Kc6 64. Ke5 Kd7 65. Kf4 g3 66. Kxg3 Ke6 67. Kf4 Kf6 68. f3 Ke6 69. Ke4 Kf6 70. f4 Ke6 71. f5+ Kf6 72. Kf4 Kf7 73. Ke5 Ke7 74. f6+ Kf8 1/2-1/2

[Event "Velika Gorica op 10th"]
[Site "Velika Gorica"]
[Date "2012.08.29"]
[Round "9"]
[White "Mihalinec, Damir"]
[Black "Majeric, Zoran"]
[Result "1-0"]
[WhiteElo "2207"]
[BlackElo "2277"]
[PlyCount "111"]
[EventDate "2012.08.20"]
[EventType "swiss"]
[EventRounds "9"]
[EventCountry "CRO"]
[SourceTitle "CBM 150 Extra"]
[Source "ChessBase"]
[SourceDate "2012.10.19"]
[SourceVersion "1"]
[SourceVersionDate "2012.10.19"]
[SourceQuality "1"]

1. c4 e5 2. Nc3 Nc6 3. g3 Nf6 4. Bg2 Bc5 5. Nf3 0-0 6. 0-0 Re8 7. a3 a5 8. Rb1 d5 9. cxd5 Nxd5 10. Qc2 Nf6 11. d3 h6 12. Na4 Bf8 13. Be3 Nd4 14. Bxd4 exd4 15. Rfe1 Bg4 16. Rbc1 Bxf3 17. Bxf3 c6 18. Nc5 Qb6 19. Qc4 Re5 20. b4 axb4 21. axb4 Rd8 22. Rc2 Nd5 23. Bxd5 Rdxd5 24. f4 Re8 25. Rf1 f5 26. Ra1 Kh7 27. Kf2 Be7 28. Ra5 Qc7 29. Ra7 Bxc5 30. bxc5 Qe7 31. Qb4 Rd7 32. Kf1 g5 33. Rb2 gxf4 34. Rxb7 fxg3 35. Rxd7 Qxd7 36. Qb7 Qxb7 37. Rxb7+ Kg6 38. hxg3 Re5 39. Rd7 Rxc5 40. Rxd4 Rc1+ 41. Kf2 Kg5 42. Ra4 c5 43. Kg2 Re1 44. Ra2 h5 45. Rc2 Rd1 46. Rxc5 Kf6 47. Rc8 Re1 48. Kf3 Rg1 49. Kf2 Rh1 50. Rc4 Kg5 51. Rf4 Rd1 52. Kg2 Ra1 53. Rd4 Ra2 54. Kf3 Ra1 55. Rd5 Ra4 56. e4 1-0